Country Compass - Oman - Statistics

General Stats
  • This quiz has been taken 9 times
  • The average score is 18 of 21
Answer Stats
Country % Correct
Belarus
100%
China
100%
India
100%
Kazakhstan
100%
Libya
100%
Russia
100%
Ukraine
100%
Chad
86%
Democratic Republic of the Congo
86%
Kosovo
86%
Madagascar
86%
Mozambique
86%
Romania
86%
Serbia
86%
Tanzania
86%
Albania
71%
Central African Republic
71%
Comoros
71%
France (Mayotte)
71%
Burundi
57%
Myanmar
43%
No matching quizzes found
Score Distribution
Percent of People with Each Score
Percentile by Number Answered
Your Score History
You have not taken this quiz